[Event "Jonkoping op"]
[Site "Jonkoping"]
[Date "1988.??.??"]
[Round "5"]
[White "Edgren, Jarl"]
[Black "Johansson, Ulf"]
[Result "0-1"]
[WhiteElo "1709"]
[BlackElo "2074"]
[PlyCount "64"]
[EventDate "1988.??.??"]
[EventType "swiss"]
[EventRounds "7"]
[EventCountry "SWE"]
[SourceTitle "EXT 2001"]
[Source "ChessBase"]
[SourceDate "2000.11.22"]
[SourceVersion "1"]
[SourceVersionDate "2000.11.22"]
[SourceQuality "1"]

1. c4 e5 2. Nc3 Nf6 3. e4 Nc6 4. Nf3 Bb4 5. d3 0-0 6. Be2 a5 7. a3 Bc5 8. 0-0 d6 9. Be3 Bg4 10. Rb1 Nd7 11. Nd5 Bxe3 12. fxe3 f5 13. exf5 Bxf5 14. e4 Bg4 15. b4 axb4 16. axb4 Bxf3 17. Rxf3 Rxf3 18. Bxf3 Nd4 19. Ra1 Rb8 20. Bg4 Nf6 21. Nxf6+ Qxf6 22. Qf1 Qg5 23. Bh3 Rf8 24. Qd1 Qf4 25. Kh1 Qf2 26. g3 g6 27. Bg2 Nc2 28. Rb1 Ne3 29. Qg1 Qd2 30. c5 Qxd3 31. cxd6 Nxg2 32. Rd1 Qf3 0-1

[Event "Jonkoping op"]
[Site "Jonkoping"]
[Date "1988.??.??"]
[Round "6"]
[White "Edgren, Jarl"]
[Black "Samuelsson, Sven Gunnar"]
[Result "1-0"]
[WhiteElo "1709"]
[BlackElo "2265"]
[PlyCount "41"]
[EventDate "1988.??.??"]
[EventType "swiss"]
[EventRounds "7"]
[EventCountry "SWE"]
[SourceTitle "EXT 2001"]
[Source "ChessBase"]
[SourceDate "2000.11.22"]
[SourceVersion "1"]
[SourceVersionDate "2000.11.22"]
[SourceQuality "1"]

1. e4 c5 2. Nf3 Nc6 3. d4 cxd4 4. Nxd4 Nf6 5. Nc3 g6 6. Be3 d6 7. Be2 e5 8. Nb3 Bg7 9. f3 a6 10. Qd2 0-0 11. 0-0-0 Ne8 12. g4 f5 13. gxf5 gxf5 14. exf5 Bxf5 15. Rdg1 Kh8 16. Bh6 Rg8 17. Ne4 Bg6 18. Bd3 d5 19. Ng5 Bxd3 20. Qxd3 Nf6 21. Nf7# 1-0

[Event "Jonkoping op"]
[Site "Jonkoping"]
[Date "1988.??.??"]
[Round "2"]
[White "Edgren, Jarl"]
[Black "Wikner, Maria"]
[Result "1/2-1/2"]
[WhiteElo "1709"]
[BlackElo "1551"]
[PlyCount "57"]
[EventDate "1988.??.??"]
[EventType "swiss"]
[EventRounds "7"]
[EventCountry "SWE"]
[SourceTitle "EXT 2001"]
[Source "ChessBase"]
[SourceDate "2000.11.22"]
[SourceVersion "1"]
[SourceVersionDate "2000.11.22"]
[SourceQuality "1"]

1. c4 Nf6 2. d4 g6 3. Nc3 Bg7 4. Nf3 0-0 5. g3 d6 6. Bg2 Nfd7 7. 0-0 e5 8. dxe5 dxe5 9. e4 Nc6 10. a3 a5 11. Be3 b6 12. Qc2 Nd4 13. Qd1 Nc5 14. b4 Ncb3 15. Rb1 axb4 16. axb4 Ra3 17. Bxd4 Nxd4 18. Nxd4 Rxc3 19. Nc6 Qxd1 20. Rfxd1 Rxc4 21. Ne7+ Kh8 22. Rdc1 Ba6 23. Nd5 Rc8 24. Rxc4 Bxc4 25. Rc1 b5 26. Bf1 c6 27. Ne3 Rc7 28. Bxc4 bxc4 29. Nxc4 1/2-1/2

[Event "Jonkoping op"]
[Site "Jonkoping"]
[Date "1988.??.??"]
[Round "4"]
[White "Eriksson, Magnus"]
[Black "Edgren, Jarl"]
[Result "0-1"]
[WhiteElo "2123"]
[BlackElo "1709"]
[PlyCount "50"]
[EventDate "1988.??.??"]
[EventType "swiss"]
[EventRounds "7"]
[EventCountry "SWE"]
[SourceTitle "EXT 2001"]
[Source "ChessBase"]
[SourceDate "2000.11.22"]
[SourceVersion "1"]
[SourceVersionDate "2000.11.22"]
[SourceQuality "1"]

1. Nf3 Nf6 2. d4 d5 3. c4 e6 4. Bg5 c6 5. Nc3 Bb4 6. e3 Qa5 7. Be2 Ne4 8. Qc2 Bxc3+ 9. bxc3 Nxg5 10. Nxg5 dxc4 11. Nxh7 b5 12. a4 a6 13. 0-0 Qc7 14. axb5 cxb5 15. Rfb1 Bb7 16. h4 Nd7 17. g4 Ke7 18. Rf1 Nf8 19. Nxf8 Rxh4 20. f4 Rxf8 21. Kf2 Rh3 22. Rg1 Rfh8 23. Qd2 Rh2+ 24. Ke1 R8h3 25. Rc1 a5 0-1

[Event "Jonkoping op"]
[Site "Jonkoping"]
[Date "1988.??.??"]
[Round "3"]
[White "Kroager, Sam"]
[Black "Edgren, Jarl"]
[Result "0-1"]
[WhiteElo "1428"]
[BlackElo "1709"]
[PlyCount "138"]
[EventDate "1988.??.??"]
[EventType "swiss"]
[EventRounds "7"]
[EventCountry "SWE"]
[SourceTitle "EXT 2001"]
[Source "ChessBase"]
[SourceDate "2000.11.22"]
[SourceVersion "1"]
[SourceVersionDate "2000.11.22"]
[SourceQuality "1"]

1. d4 d5 2. c4 e6 3. Nc3 Nf6 4. Nf3 g6 5. Bf4 Bg7 6. e3 0-0 7. Bd3 dxc4 8. Bxc4 a6 9. a4 b6 10. 0-0 Bb7 11. Re1 Nbd7 12. e4 c5 13. d5 exd5 14. exd5 Re8 15. Qd2 Rxe1+ 16. Rxe1 b5 17. axb5 Nb6 18. Bb3 c4 19. Bc2 Nbxd5 20. Bh6 Nxc3 21. Qxd8+ Rxd8 22. Bxg7 Kxg7 23. bxc3 Bxf3 24. gxf3 axb5 25. Be4 Nh5 26. Bc6 Rb8 27. Re7 Kf6 28. Rb7 Rd8 29. Rxb5 Nf4 30. Rb1 Rd3 31. h4 Rxc3 32. Kh2 Rc2 33. Rb6 Ne6 34. Kg3 Rc1 35. Bd5 c3 36. Rc6 c2 37. Kg2 Ke5 38. Bb3 Nf4+ 39. Kh2 Nd3 40. Rxc2 Rxc2 41. Bxc2 Nxf2 42. Kg1 Nh3+ 43. Kg2 Nf4+ 44. Kg3 h6 45. Be4 g5 46. hxg5 hxg5 47. Ba8 f5 48. Kf2 Ne6 49. Ke2 f4 50. Be4 Nc5 51. Bg6 Kd4 52. Kd2 Nb3+ 53. Ke2 Nc5 54. Bf5 Nb7 55. Kd2 Nd6 56. Bg6 Nc4+ 57. Ke2 Ne5 58. Be4 Kc3 59. Kf2 Kd2 60. Kg2 Ke2 61. Kh3 Nxf3 62. Kg4 Nh2+ 63. Kxg5 Ke3 64. Bb7 Nf3+ 65. Kg4 Nd2 66. Kh3 Ne4 67. Kh2 f3 68. Kg1 f2+ 69. Kf1 Nd2+ 0-1